<?xml version="1.0" encoding="UTF-8"?>
<record
    xmlns:xsi="http://www.w3.org/2001/XMLSchema-instance"
    xsi:schemaLocation="http://www.loc.gov/MARC21/slim http://www.loc.gov/standards/marcxml/schema/MARC21slim.xsd"
    xmlns="http://www.loc.gov/MARC21/slim">

  <leader>00212nam a22001097a 4500</leader>
  <datafield tag="040" ind1=" " ind2=" ">
    <subfield code="c">HS</subfield>
  </datafield>
  <datafield tag="082" ind1=" " ind2=" ">
    <subfield code="a">005</subfield>
  </datafield>
  <datafield tag="100" ind1=" " ind2=" ">
    <subfield code="a">NUTH SALAN</subfield>
  </datafield>
  <datafield tag="245" ind1=" " ind2=" ">
    <subfield code="a">SPSS 15.0 for windows</subfield>
  </datafield>
  <datafield tag="260" ind1=" " ind2=" ">
    <subfield code="a">RUA</subfield>
    <subfield code="b">NUTH SALAN</subfield>
    <subfield code="c">NA</subfield>
  </datafield>
  <datafield tag="942" ind1=" " ind2=" ">
    <subfield code="c">KB</subfield>
  </datafield>
  <datafield tag="999" ind1=" " ind2=" ">
    <subfield code="c">8490</subfield>
    <subfield code="d">8490</subfield>
  </datafield>
  <datafield tag="952" ind1=" " ind2=" ">
    <subfield code="0">0</subfield>
    <subfield code="1">0</subfield>
    <subfield code="4">0</subfield>
    <subfield code="6">005_000000000000000_NUT_NA_C041</subfield>
    <subfield code="7">0</subfield>
    <subfield code="9">48563</subfield>
    <subfield code="a">LBC</subfield>
    <subfield code="b">LBC</subfield>
    <subfield code="c">C041</subfield>
    <subfield code="d">2016-08-02</subfield>
    <subfield code="o">005 NUT NA C041</subfield>
    <subfield code="p">RUA44576</subfield>
    <subfield code="r">2016-09-27</subfield>
    <subfield code="y">KB</subfield>
  </datafield>
  <datafield tag="952" ind1=" " ind2=" ">
    <subfield code="0">0</subfield>
    <subfield code="1">0</subfield>
    <subfield code="4">0</subfield>
    <subfield code="6">005_000000000000000_NUT_NA_C041</subfield>
    <subfield code="7">0</subfield>
    <subfield code="9">48569</subfield>
    <subfield code="a">LBC</subfield>
    <subfield code="b">LBC</subfield>
    <subfield code="c">C041</subfield>
    <subfield code="d">2016-08-02</subfield>
    <subfield code="o">005 NUT NA C041</subfield>
    <subfield code="p">RUA41997</subfield>
    <subfield code="r">2016-09-27</subfield>
    <subfield code="y">KB</subfield>
  </datafield>
  <datafield tag="952" ind1=" " ind2=" ">
    <subfield code="0">0</subfield>
    <subfield code="1">0</subfield>
    <subfield code="4">0</subfield>
    <subfield code="6">005_000000000000000_NUT_NA_C041</subfield>
    <subfield code="7">0</subfield>
    <subfield code="9">48571</subfield>
    <subfield code="a">LBC</subfield>
    <subfield code="b">LBC</subfield>
    <subfield code="c">C041</subfield>
    <subfield code="d">2016-08-02</subfield>
    <subfield code="o">005 NUT NA C041</subfield>
    <subfield code="p">RUA036455</subfield>
    <subfield code="r">2016-09-27</subfield>
    <subfield code="y">KB</subfield>
  </datafield>
</record>
